000 00462nam a2200169 a 4500
001 0369
005 20140414132030.0
008 040910s19uu xx 00 eng d
020 _a0-590-33976-1
050 _aTR
_bM68 1985
100 _aAllard, Harry
245 _aMiss Nelson has a field day /
_cHarry Allard, James Marshall.
260 _aNew York :
_bScholastic,
_c1985.
300 _a32 p. : ill. ; cm.
650 _aChildren stories.
999 _c113604
_d113604